00278nam a2200121Ia 4500100002700000650001300027366000700040245003200047260003300079082001300112300000800125546002300133 aYoung/Margaret Levine  aInternet f25 aInternet:Complete Reference bTata Mc Graw hill Ltd.c2002 a4.6bYOU a857 aENGLISHcComputers